Charakter prvej etapy pozemkovej reformy

Bibliographic Details
Main Author: Čarvaga, Vladimír (Author)
Format: Article
Language:Slovak
PhysicalDescription:Res. rus., nem., lit. 43 zázn. v slov.
Subjects:

MARC

LEADER 00000nab a2200000 a 4500
001 vtls000162097
003 SK-MaSNL
005 20260302202509.0
008 111031|1983 xo ||||||| || 0 |slo
015 |a SNBRA19rr/mm-uuuuu 
035 |a CL0172208 
040 |a SNKBUCL  |b slo  |c SNKBUCL  |e AACR2 
041 0 |a slo 
044 |a xo  |c SK 
080 |a 332.021.8  |2 1981 
080 |a 347.23  |2 1981 
080 |a 943.7  |2 1981 
100 1 |a Čarvaga, Vladimír  |4 aut  |9 5794 
245 1 0 |a Charakter prvej etapy pozemkovej reformy  |c Vladimír Čarvaga 
300 |b Res. rus., nem., lit. 43 zázn. v slov. 
650 0 7 |a pozemkové reformy  |2 snkbucl  |9 81027 
655 7 |a články zo zborníkov  |2 snkbucl  |9 166140 
773 0 |t Acta Facultatis iuridicae Universitatis Comenianae IV/1980  |d Bratislava : SPN, 1983  |g S. 99-119 
850 |a Slovenská národná knižnica v Martine  |a MTA001 
852 |a SNK  |b KIS3GCP 
958 |a RK 
958 |a NB 
992 |a RZB 
999 |c 1465166  |d 1467096